Catholic University of Zimbabwe Library
Online Public Access Catalogue
(OPAC)

Bear, man, and God : (Record no. 4081)

MARC details
000 -LEADER
fixed length control field 01086cam a2200289 4500
001 - CONTROL NUMBER
control field 0000004247
005 - DATE AND TIME OF LATEST TRANSACTION
control field 20170406115656.0
008 - FIXED-LENGTH DATA ELEMENTS--GENERAL INFORMATION
fixed length control field 711029s1971 nyuj b 000 0 eng
010 ## - LIBRARY OF CONGRESS CONTROL NUMBER
LC control number 78140498
020 ## - INTERNATIONAL STANDARD BOOK NUMBER
International Standard Book Number 0394315464
035 ## - SYSTEM CONTROL NUMBER
-- (DLC) 78140498
040 ## - CATALOGING SOURCE
Original cataloging agency DLC
Transcribing agency DLC
Modifying agency DLC
050 00 - LIBRARY OF CONGRESS CALL NUMBER
Classification number PS3511.A86
Item number B439 1971
082 00 - DEWEY DECIMAL CLASSIFICATION NUMBER
Classification number 813/.5/2
100 1# - MAIN ENTRY--PERSONAL NAME
Personal name Utley, Francis Lee,
Dates associated with a name 1907-1974,
Relator term comp.
245 10 - TITLE STATEMENT
Title Bear, man, and God :
Remainder of title eight approaches to William Faulkner's The bear. /
Statement of responsibility, etc. Edited by Francis Lee Utley, Lynn Z. Bloom [and] Arthur F. Kinney.
250 ## - EDITION STATEMENT
Edition statement 2d ed.
260 ## - PUBLICATION, DISTRIBUTION, ETC.
Place of publication, distribution, etc. New York :
Name of publisher, distributor, etc. Random House,
Date of publication, distribution, etc. [1971]
300 ## - PHYSICAL DESCRIPTION
Extent xii, 336 p. :
Other physical details geneal. table. ;
Dimensions 24 cm.
500 ## - GENERAL NOTE
General note Includes complete text of The bear and selections from other works by W. Faulkner.
504 ## - BIBLIOGRAPHY, ETC. NOTE
Bibliography, etc. note Bibliography: p. 317-336.
600 10 - SUBJECT ADDED ENTRY--PERSONAL NAME
Personal name Faulkner, William,
Dates associated with a name 1897-1962.
Title of a work Bear.
700 12 - ADDED ENTRY--PERSONAL NAME
Personal name Faulkner, William,
Dates associated with a name 1897-1962.
Title of a work Bear.
Date of a work 1971.
700 1# - ADDED ENTRY--PERSONAL NAME
Personal name Bloom, Lynn Z.,
Dates associated with a name 1934-,
Relator term joint comp.
700 1# - ADDED ENTRY--PERSONAL NAME
Personal name Kinney, Arthur F.,
Dates associated with a name 1933-,
Relator term joint comp.
908 ## - PUT COMMAND PARAMETER (RLIN)
Put command parameter 140902
Holdings
Withdrawn status Lost status Source of classification or shelving scheme Damaged status Not for loan Home library Current library Shelving location Date acquired Total Checkouts Full call number Barcode Date last seen Copy number Price effective from Koha item type
          CUZ Harare Campus CUZ Harare Campus Open Shelf 06.04.2017   PS 3511.A86 B439 BK0004904 22.05.2025 CU5109 06.04.2017 OS Book

OPENING HOURS

Weekdays: 0815hrs - 1800hrs
Weekends:0900hrs - 1200hrs

Closed for Mass:

Mon, Thur: 1200hrs - 1300hrs
Sunday & Public Holiday’s

CALL SUPPORT

0242-570570, 0242-570169
09200664, +263 8644140602

LOCATION

18443, Cranborne Avenue, Hatfield, Harare

Other Links


©2021 | CUZ Library